My Top 20 songs by Ariana Grande - Statistics

General Stats
  • This quiz has been taken 14 times
  • The average score is 10 of 20
Answer Stats
Hint % Correct
2019
83%
2016
75%
2024
75%
2016
67%
2018
67%
2025
58%
2020
58%
2016
50%
2024
50%
2025
50%
2024
42%
2024
42%
2018
42%
2016
42%
2024
42%
2019
33%
2019
33%
2020
33%
2016
33%
2013
17%
No matching quizzes found
Score Distribution
Percent of People with Each Score
Percentile by Number Answered
Your Score History
You have not taken this quiz